Brněnské veletrhy - cesta na nové trhy
Riaditeľ odboru komunikácií a.s. Brněnské veletrhy a výstavy (BVV) PhDr. Václav Svoboda o vývoji na brnenskom výstavisku za posledných päť rokov. Základný prehľad o počte akcií, vystavovateľov a návštevníkov. Porovnanie BVV s niektorými zahraničnými veľtrhovými správami. Situácia v susedných krajiná...
Salvato in:
| Autore principale: | |
|---|---|
| Altri autori: | |
| Natura: | Capitolo di libro |
| Lingua: | ceco |
| Soggetti: | |
| Tags: |
Nessun Tag, puoi essere il primo ad aggiungerne!!
|
MARC
| LEADER | 00000naa a2200000 4500 | ||
|---|---|---|---|
| 001 | r021892 | ||
| 005 | 20230607095713.3 | ||
| 041 | 0 | |a cze | |
| 044 | |a CZ | ||
| 245 | 1 | 0 | |a Brněnské veletrhy - cesta na nové trhy |c V. Svoboda, J. Vysekalová |
| 520 | |a Riaditeľ odboru komunikácií a.s. Brněnské veletrhy a výstavy (BVV) PhDr. Václav Svoboda o vývoji na brnenskom výstavisku za posledných päť rokov. Základný prehľad o počte akcií, vystavovateľov a návštevníkov. Porovnanie BVV s niektorými zahraničnými veľtrhovými správami. Situácia v susedných krajinách. | ||
| 610 | 2 | 0 | |a Česko |
| 610 | 2 | 0 | |a 1991-1996 |
| 610 | 2 | 0 | |a Brno |
| 610 | 2 | 0 | |a veľtrhy |
| 610 | 2 | 0 | |a marketing |
| 610 | 2 | 0 | |a komunikácia |
| 610 | 2 | 0 | |a Brněnské veletrhy a výstavy, a.s. Brno |
| 100 | 1 | |a Svoboda, Václav | |
| 700 | 1 | |a Vysekalová, Jitka | |